000 00538nam a2200169 i 4500
001 123921
003 ES-MaACL
005 20230906192257.0
007 t|
008 070214s1979 sp r ||||1| cat d
100 1 _aRamos Folques, Alejandro.
_995313
245 1 0 _aVocabulari valenciá-castellá y castellano-valenciano /
_cAlejandro Ramos Folques.
260 _aAlicante :
_bInstituto de Estudios Alicantinos,
_c1979.
300 _a213 p. ;
_c22 cm.
710 2 _aInstituto de Estudios Alicantinos.
_94886
852 4 _aES-MaACL
_jL-790
999 _c123921
_d123921